| 000 | 00749cam a2200193u 4500 | ||
|---|---|---|---|
| 082 |
_a959.9 _bLES _cL-30, P-4 |
||
| 100 | 1 |
_aBaclagon, Uldarico S. [from old catalog] _949088 |
|
| 245 | 0 | 0 | _aLessons from the Huk campaign in the Philippines. |
| 260 |
_a[Fort Wm. _bMcKinley, Published at the Infantry School, PASC, PATC. Rizal, Infantry School, PASC, Philippine Army Training Command, _cc1956] |
||
| 300 |
_a236 p. _billus. _c27 cm. |
||
| 526 |
_a0 _b0 _c0 _d959_900000000000000_LES |
||
| 526 |
_a0 _b0 _c0 _d959_900000000000000_LES |
||
| 526 |
_a0 _b0 _c0 _d959_900000000000000_LES |
||
| 526 |
_a0 _b0 _c0 _d959_900000000000000_LES |
||
| 650 | 0 |
_aGuerrilla warfare. _918957 |
|
| 650 | 0 |
_aMCE _9379 |
|
| 700 | 1 |
_aRizal, Philippines. _949089 |
|
| 942 |
_2ddc _cBK |
||
| 999 |
_c551921 _d551921 |
||